00889cam a22002171 45000010008000000030004000080050017000120080041000290100017000700350018000870400027001050420012001320820017001441000017001611100016001782450208001942600135004023000068005376510035006056510031006406559121OSt20230704081038.0720126s1961 mduab 000 0 eng  a 61009915  a(OCoLC)228414 aDLCcODaWUdOCoLCdDLC apremarc a338.967bHOP cJohn Hopkins2 aWorld Bank.14aThe economic development of Tanganyika;breport of a mission organized by the International Bank for Reconstruction and Development at the request of the governments of Tanganyika and the United Kingdom. aBaltimore,bPublished for the International Bank for Reconstruction and Development, by the Johns Hopkins Press, Baltimorec[1961] axxviii, 548 p.bfold. maps (part col.) diagrs., tables.c24 cm. 0aTanzaniaxEconomic conditions. 0aTanzaniaxEconomic policy.